000 00466cam a2200181ua 4500
020 _cRs 2.00
041 _amal
_h
082 _a894.812 1
_bKAL/ME
100 _aKalidasan, .
245 _aMekhasandesham /
_cKalidasan.
_hTextual Documents
260 _aCalicut :
_bMathrubhumi Printing & Publishing Companty Ltd ,
_c1959.
300 _a123 ; .
365 _aRs 2.00
504 _a
650 _aPoems - Malayalam
942 _cBK
999 _c470
_d470